[Event "Grand Slam Final 1st"]
[Site "Bilbao"]
[Date "2008.09.13"]
[Round "10"]
[White "Topalov, Veselin"]
[Black "Ivanchuk, Vassily"]
[Result "1-0"]
[WhiteElo "2777"]
[BlackElo "2781"]
[Annotator "Krasenkow,M"]
[PlyCount "85"]
[EventDate "2008.09.02"]
[EventType "tourn"]
[EventRounds "10"]
[EventCountry "ESP"]
[EventCategory "21"]
[SourceTitle "CBM 126"]
[Source "ChessBase"]
[SourceDate "2008.10.01"]
[SourceVersion "1"]
[SourceVersionDate "2008.10.01"]
[SourceQuality "1"]

1. d4 Nf6 2. c4 e6 3. Nf3 d5 4. Nc3 c6 5. e3 Nbd7 6. Bd3 dxc4 7. Bxc4 b5 8. Bd3
Bb7 9. a3 Bd6 10. O-O O-O 11. Qc2 h6 {A rare, rather second-rate move in this
popular position.} (11... a6 {- see Svidler-Karjakin in CBM 124}) 12. e4 (12.
Bd2 {is less energetic:} Qe7 (12... a5 13. Rfd1 (13. h3 Qe7 14. Rfe1 b4 15.
axb4 axb4 16. Na4 e5 17. e4 Nh5 18. g3 Ra5 19. Bf1 Rfa8 20. b3 Qf6 21. dxe5
Nxe5 $13 {1-0 Rausis,I (2521)-Fargere,F (2330)/Basel 2007/CBM 116 ext (51)})
13... Rc8 14. Be2 Qc7 15. Rac1 Rfe8 16. h3 Qb8 17. Qb1 e5 18. dxe5 Nxe5 19.
Nxe5 Rxe5 20. Bf3 $14 c5 $6 21. Bxb7 Qxb7 22. Qd3 Qe7 23. Nxb5 $16 {0-1 Wang
Yue (2598)-Zhang Pengxiang (2623)/Wuxi 2006/CBM 113 ext (36)}) 13. b4 a5 14.
bxa5 Bxa3 15. e4 e5 16. Nxe5 Nxe5 17. dxe5 Ng4 18. Be2 Nxe5 19. f4 Nd7 20. Kh1
Bb4 21. e5 Rfd8 22. Rfb1 Nf8 23. Nd5 Qc5 24. Ne7+ Kh8 25. Qxc5 Bxc5 26. Bb4
Bxb4 27. Rxb4 Ne6 $13 {0-1 Kachiani Gersinska,K (2420)-Dreev,A (2645)/Bad
Wiessee 1998/EXT 2001 (39)}) (12. h3 $5 a5 13. e4 e5 14. dxe5 Nxe5 15. Nxe5
Bxe5 16. Be3 Re8 17. Rad1 Qe7 18. Ne2 Rad8 (18... c5 $1 19. Bxb5 Bxe4 20. Qxc5
Qxc5 21. Bxc5 Reb8 22. a4 Bxb2 $13) 19. f4 Bd6 20. Ng3 $16 {1-0 Fressinet,L 
(2640)-Sebag,M (2471)/Cap d'Agde 2006/CBM 115 (33)}) 12... e5 13. dxe5 (13. Rd1
Qe7 14. Nh4 exd4 15. Nf5 Qe6 16. Nxd4 Qe5 17. Nf3 Qe7 18. Nh4 Bc5 19. Nf5 Qe6
20. Bf4 Ne5 21. b4 Bb6 22. Be2 Rfd8 23. Be3 Ng6 {1/2 Mukherjee,A (2514)
-Khromov,S (2481)/RCCA 2004/ICCF CBM 120}) 13... Nxe5 14. Nxe5 Bxe5 15. h3 a6 (
15... Nh5 $5 16. f4 $140 Bd4+ 17. Kh2 Qh4) 16. Be3 c5 {It is a logical idea to
open up the way for the b7-bishop by means of this pawn sacrifice. There was
probably no sense in waiting, e.g.} (16... Re8 17. f4 $1 (17. Rad1 $143 Qe7 18.
Ne2 {gives Black an excellent opportunity to play} c5 $1 19. Bxc5 Qc7 $132)
17... Bd4 18. Bxd4 Qxd4+ 19. Kh2 c5 20. e5 $14) 17. Bxc5 Re8 18. Rad1 Qc7 19.
Nd5 $1 Nxd5 $6 {Black fails to find a difficult defence:} (19... Bxd5 $1 20.
exd5 Rac8 21. b4 (21. Rc1 Nxd5) 21... Bh2+ 22. Kh1 Bd6 23. Bf5 Rcd8 {regaining
the d5-pawn with good drawing chances.}) 20. exd5 Bxb2 {Black has regained the
material in a simpler way but White has obtained a strong passed pawn, which
makes a big difference.} 21. d6 Qc6 22. f3 Rec8 23. Bh7+ Kh8 24. Be4 Qxc5+ 25.
Qxc5 Rxc5 26. Bxb7 Rd8 27. Rfe1 Be5 $6 (27... Re5 28. Rxe5 Bxe5 29. d7 a5 30.
Rd5 Bc7 31. Kf2 {is probably winning for White but}) ({the prophylactic} 27...
Kh7 $1 {was much stronger:} 28. Bxa6 (28. d7 Rc7 29. Bc8 Rdxc8 30. dxc8=Q Rxc8
{must be a draw}) 28... Rc6 (28... Bxa3 $5 29. d7 Bb4 30. Re8 Ba5 31. Rxd8 Bxd8
32. Rb1 Kg6 33. Bxb5 Kf6) 29. Bxb5 Rcxd6 30. Rxd6 Rxd6 31. a4 Kg6 {and White
can hardly win}) 28. d7 a5 29. f4 Bc7 30. Bd5 $1 {The second weakness (f7)
proves decisive.} Kh7 31. Bxf7 Rf5 (31... Bxf4 32. Re6 {[%cal Rf7g6]}) 32. Ba2
Rxf4 33. Bb1+ Kg8 34. Bg6 {With a simple threat: 35.Re8+ Rf8 37.Rf1.} Bb6+ 35.
Kh1 Bc5 (35... Rdf8 36. Re8 Bd8 37. Rc1 $18) 36. Rc1 $6 (36. Re8+ $142 Rf8 37.
Rd3 a4 {(what else?)} (37... b4 $2 38. Rd5) 38. Re5 Bf2 39. Rxb5 $18) 36... Bf8
37. Red1 Bxa3 $2 (37... Rc4 {gave Black some chances to survive.}) 38. Rc8 Rff8
39. Be8 Be7 40. Re1 {"trapping" the black bishop} Bg5 41. g3 a4 42. h4 Bf6 43.
Re6 {[%cal Re6f6]} 1-0

[Event "EU-ch 16th"]
[Site "Jerusalem"]
[Date "2015.03.02"]
[Round "6"]
[White "Nepomniachtchi, Ian"]
[Black "Korobov, Anton"]
[Result "1-0"]
[WhiteElo "2714"]
[BlackElo "2687"]
[Annotator "Krasenkow,M"]
[PlyCount "91"]
[EventDate "2015.02.24"]
[EventType "swiss"]
[EventRounds "11"]
[EventCountry "ISR"]
[SourceTitle "CBM 166"]
[Source "ChessBase"]
[SourceDate "2015.05.11"]
[SourceVersion "1"]
[SourceVersionDate "2015.05.11"]
[SourceQuality "1"]

1. c4 e6 2. Nc3 d5 3. d4 Nf6 4. Nf3 c6 5. e3 Nbd7 6. Qc2 Bd6 7. Bd3 O-O 8. O-O
dxc4 9. Bxc4 b5 10. Be2 a6 {This continuation is a bit more accurate on move 9
(see my survey in CBM 142) while now} (10... Bb7 {is common (see my survey in
CBM 144).}) 11. Ng5 $1 {A relatively new but serious attempt to fight for the
initiative. Without ...b5 Be2 it would be a pawn sacrifice due to 10...Bxh2+
11.Kxh2 Ng4+,} (11. Rd1 {leads to one of the main positions of the 9...a6 line.
}) (11. e4 e5 {is not dangerous for Black.}) 11... Qc7 (11... h6 12. Nge4 Be7
13. Rd1 Qc7 14. Bd2 c5 $6 15. dxc5 Nxe4 16. Nxe4 f5 17. Ng3 Qxc5 18. Qb3 $16
Qb6 $2 19. Ba5 $1 {1-0 (19) Khairullin,I (2629)-Kjartansson,G (2484) Jerusalem
2015}) (11... Bb7 {needs more analysis; in the following game Black managed to
equalise:} 12. Nce4 (12. e4 $5) 12... Be7 13. Nxf6+ Nxf6 14. Bd2 b4 15. Bd3 h6
16. Nh7 Nxh7 17. Bxh7+ Kh8 18. Be4 Qb6 19. Rfc1 Rac8 20. Qb3 a5 21. Qa4 Rfd8
22. Be1 Rc7 23. a3 c5 $11 {1/2 (55) Pashikian,A (2614)-Hovhannisyan,R (2594)
Yerevan 2015}) 12. e4 $1 {[%mdl 512]} h6 (12... Bxh2+ 13. Kh1 {[%cal Re4e5]
yields White a dangerous initiative for the sacrificed pawn. If} c5 {then} 14.
e5 cxd4 15. exf6 Nxf6 16. f4 $1 Bg3 17. Qd3 dxc3 18. Qxg3 {, and White's
bishop is stronger than Black's pawns.}) (12... e5 {is not enough for equality
either:} 13. dxe5 Bxe5 14. f4 Bxc3 15. bxc3 h6 16. Nf3 c5 17. a4 $1 bxa4 18. c4
Bb7 19. Bd3 Nb8 20. Bb2 $36 {1-0 (35) Boruchovsky,A (2501)-Iovcov,V (2224)
Batumi 2014}) 13. e5 $8 ({Of course,} 13. Nf3 $6 e5 {is good for Black.}) 13...
hxg5 14. exd6 Qxd6 15. Bxg5 Qxd4 {Black has won a pawn but White's bishop pair
and development advantage guarantee him excellent compensation.} 16. h4 $5 {
[%mdl 128]} (16. Rfd1 {was more traditional, e.g.} Qc5 (16... Qe5 17. Bh4 {
[%cal Rh4g3]}) 17. Be3 Qf5 18. Bd3 Qe5 19. Bd4 Qc7 20. Ne4 $44) 16... Bb7 17.
Rad1 Qc5 18. Qd2 b4 19. Na4 Qa5 20. b3 c5 21. h5 $1 c4 22. Qe3 {White
complicates the game as much as possible.} ({In the event of} 22. h6 Qd5 23.
Qxd5 exd5 24. bxc4 Rfe8 {, despite the queen exchange, the position remains
tense, too; White keeps an edge due to his bishop pair.}) 22... Qe5 $6 {
This simplification is unfavorable for Black; however, it was very difficult
for him to find a satisfactory defence, e.g.} (22... c3 23. h6) ({or} 22...
cxb3 23. axb3 Qf5 24. Rd4 {- White retains a dangerous initiative in both
cases.}) 23. Qxe5 Nxe5 24. Nb6 (24. Bxf6 gxf6 25. f4 {was very strong, too.})
24... c3 {Black decides to sacrifice an exchange but fails to obtain
sufficient compensation: White's rooks are very active, and Black's passed
pawn can be successfully stopped. White wins without major problems.} (24...
Rab8 25. Bf4 {also leads to material losses.}) ({After} 24... Rad8 25. bxc4 {
White is clearly better, too.}) ({or} 24... cxb3 25. Nxa8 (25. axb3 Rad8 26.
Bxf6 gxf6 27. f4 Rxd1 28. Rxd1 Nc6 29. Nd7 $14 {is not too convincing}) 25...
bxa2 26. Nb6 b3 (26... Nd5 27. Nxd5 Bxd5 28. Be7 a5 (28... Rb8 29. Bd6) 29.
Bxf8 Kxf8 30. Bb5 $1 b3 31. Rb1 axb1=Q 32. Rxb1 {[%cal Yb5a4]}) 27. Bf4 $1 Nc6
28. Rd2 {, and White should convert his material advantage despite technical
difficulties.}) 25. Nxa8 Rxa8 26. Bxf6 gxf6 27. f4 Nc6 28. Rd7 Na5 29. Rfd1 Kg7
(29... Rc8 30. g4 {[%cal Yg1f2]}) 30. Rc7 Bd5 31. Kf2 Rd8 32. Bf3 f5 33. Ke3
Rd6 34. Bxd5 exd5 35. Rc5 (35. Kd4 $18) 35... Re6+ 36. Kd3 Nc6 37. Rxd5 Kh6 38.
Rh1 f6 39. g3 Ne7 40. Rd7 a5 41. Rh2 Re1 42. Kc4 Re6 43. Kb5 Nc6 44. Rd1 Kg7 $6
45. h6+ Kh8 46. h7 1-0

[Event "Corus"]
[Site "Wijk aan Zee"]
[Date "2007.01.28"]
[Round "13"]
[White "Kramnik, Vladimir"]
[Black "Van Wely, Loek"]
[Result "1-0"]
[WhiteElo "2766"]
[BlackElo "2683"]
[Annotator "Krasenkow,M"]
[PlyCount "79"]
[EventDate "2007.01.13"]
[EventType "tourn"]
[EventRounds "13"]
[EventCountry "NED"]
[EventCategory "19"]
[SourceTitle "CBM 117"]
[Source "ChessBase"]
[SourceDate "2007.03.30"]
[SourceVersion "1"]
[SourceVersionDate "2007.03.30"]
[SourceQuality "1"]

1. d4 d5 2. c4 c6 3. Nf3 Nf6 4. e3 e6 5. Bd3 Nbd7 6. b3 b6 7. O-O Bb7 8. Bb2
Be7 9. Nc3 O-O 10. Qc2 Rc8 {I don't like this development of Black's rook,
which is often quite passive on c8. ...Qd8-c7 and ...Ra8-d8 looks more
appropriate.} 11. Rad1 Qc7 12. Ne5 {A typical move in such positions.} h6 $6
$146 ({Black can't take on e5.} 12... Nxe5 $2 13. dxe5 Ng4 14. Bxh7+ Kh8 15.
Qe2 $1 f5 16. h3 Kxh7 17. hxg4 fxg4 18. Qxg4 Rf5 (18... Qxe5 19. Nxd5 $1) 19.
Ne2 $16 {1-0 Csom,I-Metz,H/Budapest 1995/CBM 049 (26)}) (12... g6 $5 13. e4 (
13. f4 $5) 13... dxe4 14. Nxe4 Nxe5 15. dxe5 Nxe4 16. Bxe4 Rfd8 17. Qc3 Rxd1
18. Rxd1 Rd8 19. Rxd8+ Qxd8 20. Qd3 Qxd3 21. Bxd3 c5 $11 {1/2-1/2 Mitkov,
M-Georgievski,V/Struga 1993/EXT 1999 (49)}) (12... Rfd8 {is the main
theoretical move:} 13. f4 Nf8 (13... c5 14. cxd5 $1 (14. Qe2 Ne4 {1/2-1/2
Estremera Panos,S-De la Riva Aguado,O/Santiago 1995/EXT 1998})) 14. Qe2 (14. f5
$6 Bd6 15. e4 (15. Ne2 $5) 15... dxc4 16. Nxc4 Bxh2+ 17. Kh1 b5 18. e5 bxc4 19.
Bxc4 Ng4 $13 {1-0 Adla,D-Rodriguez Lopez,R/Mondariz 1995/EXT 1997 (37)}) 14...
c5 15. f5 Ba6 16. Kh1 Bd6 17. fxe6 fxe6 18. cxd5 Bxd3 19. Nxd3 exd5 20. dxc5
Bxc5 21. Nxc5 Qxc5 22. Nb5 $16 {1/2-1/2 Florean,A-Aliev,R/Calicut 1998/CBM 067
ext (33)}) 13. Qe2 Rfd8 14. f4 $36 {[%mdl 128] >>.This is probably even worse
for Black than the 12...Rfd8 line as ...h7-h6 hardly strengthens the position
of the black king.} c5 {What else?} 15. cxd5 Nxd5 (15... Nxe5 16. dxe5 Nxd5 17.
Nb5 Qb8 18. f5 $1) 16. Nb5 Qb8 17. Nxd7 (17. f5 $1 {was even stronger, e.g.}
Nxe5 18. dxe5 a6 (18... Bg5 19. fxe6 fxe6 20. Qg4 {[%cal Rg4e6,Rg4e4]}) 19.
fxe6 $1 axb5 20. Rxf7 $5 (20. Qh5 $5 c4 21. Bb1 c3 22. Rxd5 Rxd5 23. Bxc3 Rxc3
24. Qf5 $18 {A.Khalifman}) 20... c4 (20... Bg5 21. Qh5 $18) 21. Bb1 Nxe3 $8 22.
Rxd8+ Rxd8 23. Rxe7 Rd1+ 24. Kf2 Qf8+ (24... Rxb1 25. Qh5 Rxb2+ 26. Kxe3 $18)
25. Rf7 Qc5 26. Ba3 $1 Qxa3 27. Rxb7 Rxb1 28. e7 Qa8 29. Kxe3 $18) 17... Rxd7
18. f5 Bg5 19. fxe6 fxe6 20. Qg4 $2 {[%mdl 8192] A tactical mistake...} (20.
dxc5 bxc5 21. Qg4 $1 Re8 (21... Bxe3+ 22. Kh1 Nf4 23. Rxf4 Qxf4 24. Qxf4 Bxf4
25. Bh7+ Kxh7 26. Rxd7 $18) 22. Qe4 Nf6 23. Qg6 {with a decisive attack}) 20...
Re7 $2 {...and an amnesty!} (20... Bxe3+ 21. Kh1 Nf4 {yielded Black excellent
counterchances. Actually it is now White who has the only defence indicated by
GM A.Khalifman:} 22. d5 $3 (22. Rxf4 Qxf4 23. Qxe6+ Rf7 24. Rf1 Bf2 $17) 22...
Bxd5 23. Be4 $1 Qb7 24. Nc3 (24. Bxd5 exd5 25. Qf3 d4 26. Qxb7 Rxb7 27. Nd6
Rcc7 28. Nxb7 Rxb7 $17) 24... Rf8 $1 (24... Bc6 25. Bxc6 Rxc6 (25... Qxc6 26.
Ne4 $1) 26. Qg3 Rcc7 $1 27. Nb5 $132) 25. Nxd5 exd5 26. Rxd5 $1 Rdf7 $1 {
with a crazy position, in which, however, White must fight for a draw} (26...
Rxd5 $2 27. Bxd5+ Nxd5 28. Qe6+) (26... Nxd5 $2 27. Qe6+)) {After the text
move White again gets a crushing attack.} 21. Qe4 $1 Nf6 22. Qg6 Kh8 (22...
Bxe3+ 23. Kh1 Rf8 (23... Bg5 24. d5 $1 e5 25. Rxf6 $1 Bxf6 26. d6 $18) 24. dxc5
Kh8 25. Rde1 Bg5 26. Nd6 bxc5 27. Rxe6 $1 Rxe6 $140 28. Bxf6 $18) 23. dxc5 Rxc5
{This leads to a nice finale but} (23... Rf8 24. Nd6 bxc5 25. Be5 {is hopeless
enough.}) 24. Rxf6 $1 gxf6 25. Bxf6+ Bxf6 26. Qxf6+ Rg7 27. Qxh6+ Kg8 28. Qxe6+
Kh8 29. Qh6+ Kg8 30. e4 $1 {[%cal Rd3c4]} a6 31. Nd6 b5 32. Qe6+ Kh8 33. Nf7+
Kg8 34. Ng5+ Kh8 35. Qh6+ Kg8 36. Qe6+ Kh8 37. Qh6+ Kg8 38. Ne6 Rh7 39. Qg6+
Kh8 40. e5 1-0

[Event "Astrakhan FIDE GP"]
[Site "Astrakhan"]
[Date "2010.05.14"]
[Round "5"]
[White "Ponomariov, Ruslan"]
[Black "Ivanchuk, Vassily"]
[Result "0-1"]
[WhiteElo "2733"]
[BlackElo "2741"]
[Annotator "Krasenkow,M"]
[PlyCount "100"]
[EventDate "2010.05.10"]
[EventType "tourn"]
[EventRounds "13"]
[EventCountry "RUS"]
[EventCategory "20"]
[SourceTitle "CBM 137"]
[Source "ChessBase"]
[SourceDate "2010.07.15"]
[SourceVersion "1"]
[SourceVersionDate "2010.07.15"]
[SourceQuality "1"]

1. d4 d5 2. c4 c6 3. Nc3 Nf6 4. e3 e6 5. Nf3 Nbd7 6. Qc2 Bd6 7. Bd3 O-O 8. O-O
dxc4 9. Bxc4 Qe7 10. h3 c5 11. Rd1 {A rare continuation.} (11. dxc5 Bxc5 12. e4
{is usually played here.}) 11... b6 $5 (11... a6 $5 12. a4 (12. a3 $6 b5 13.
Be2 Bb7 14. dxc5 Nxc5 15. b4 Nce4 $15 {1/2 Jurek,J (2373)-Szuhanek,R (2444)/
Aschach 2005/CBM 110 ext (23)}) (12. dxc5 Bxc5 13. Ne4 b5 14. Nxc5 Nxc5 15. Be2
Bb7 16. Bd2 Rac8 $11 {1/2 Drasko,M (2445)-Todorovic,G (2415)/Pula 1990/TD (40)}
) (12. e4 b5 13. e5 $5 (13. dxc5 Nxc5 14. Be2 Ncd7 15. Bg5 Ne5 16. Nd4 h6 17.
Bh4 Ng6 $13 {0-1 Pushkov,N (2541)-Vitiugov,N (2382)/St Petersburg 2001/EXT
2002 (41)}) 13... bxc4 14. Ne4 Nxe4 15. Qxe4 Bb7 $1 16. exd6 (16. Qxb7 $2 Nxe5
$1) 16... Bxe4 17. dxe7 Rfe8 $11) 12... b6 (12... Nb6 13. dxc5 Bxc5 14. Bb3 Qc7
15. e4 Nbd7 16. Qe2 Nh5 17. e5 Ng3 18. Qe1 b6 19. Bf4 Nf5 20. Ne4 $16 {1-0
Schlosser,P (2560)-Chiburdanidze,M (2540)/Lippstadt 1996/EXT 1998 (36)}) (12...
h6 13. e4 cxd4 14. Nxd4 Ne5 15. Bf1 Bb4 16. Be3 Bd7 17. f4 Nc6 18. e5 $16 {
0-1 Banikas,H (2520)-Gausel,E (2511)/Bled 2002/EXT 2003 (52)}) (12... Rd8 13.
dxc5 Nxc5 14. e4 $14) 13. b3 (13. d5 $5) 13... Bb7 14. Qe2 e5 15. dxc5 Nxc5 16.
Bb2 e4 17. Nd4 Qe5 18. g3 Rad8 19. Rd2 Qg5 20. Rad1 Bc7 $13 {0-1 Schmidt,W 
(2406)-Cyborowski,L (2550)/Lubniewice 2003/EXT 2004 (34)}) 12. dxc5 (12. d5
exd5 13. Bxd5 (13. Nxd5 Nxd5 14. Bxd5 Rb8 $11) 13... Rb8 14. e4 (14. Nb5 $5
Nxd5 15. Rxd5 Bc7 $3 16. e4 $1 (16. Nxc7 Nf6 $1 $11) (16. Nxa7 $2 Bb7) 16...
Ne5 $1 $13) 14... Ne5 15. Nxe5 Bxe5 16. Be3 Be6 17. Bxe6 Qxe6 18. f3 Rfd8 $11 {
1/2 Lomineishvili,M (2397)-Barbini,D/Cappelle la Grande 1999/EXT 2000 (37)})
12... Bxc5 13. e4 Bb7 {Black has developed his pieces quite comfortably and
has no serious problems.} 14. Bg5 Rfd8 (14... h6 $1 15. Bh4 Bb4 $1 $132) 15.
Qe2 $6 (15. Bb5 $142 $1 h6 16. Rxd7 Rxd7 17. Bxf6 gxf6 18. Bxd7 Qxd7 19. Qc1
Kg7 20. Qf4 $14 {[%csl Rg7]}) 15... h6 16. Bh4 g5 $1 17. Bg3 Nf8 $6 (17... Bb4
$5 18. e5 Bxc3 19. exf6 (19. bxc3 Ne4) 19... Bxf6 {and White hardly has
sufficient compensation for the pawn.}) 18. Ne5 Rxd1+ 19. Rxd1 Rd8 20. Bd3 (20.
Rxd8 Qxd8 21. h4 $5) 20... Bd4 21. Bb1 a6 22. h4 $2 {A strange pawn sacrifice,
which Black gratefully accepts. Every move should be made in-time (see
annotation to move 20)!} (22. Qd2 $5 b5 $1 23. Nf3 Bb6 24. Bd6 Qd7 25. Qe2 $36)
22... gxh4 23. Bf4 Bxe5 24. Bxe5 Ng6 25. Bd4 b5 26. a3 $6 {White should have
aimed for an endgame with opposite-coloured bishops:} (26. e5 Nd5 (26... Nf4 $4
27. Qc2) 27. Nxd5 Bxd5 28. Qg4 Qg5 29. Qxg5 hxg5 30. Bxg6 fxg6 31. Be3 g4 32.
Bg5 Rc8 $140 33. Rc1 $1 {, and he should not lose.}) 26... Nf4 27. Qf3 N6h5 $6
(27... e5 $1 28. Be3 Rxd1+ 29. Nxd1 (29. Qxd1 N6h5 {[%cal Ye7g5]}) 29... Bc8 $1
30. Bxf4 Bg4 31. Qc3 exf4 $17) 28. Be3 {After this move Black gradually
converts his material advantage.} (28. g3 $142 Qg5 29. Kh2 hxg3+ 30. fxg3 Rxd4
$8 31. Rxd4 Ng6 $44) 28... Rxd1+ 29. Qxd1 $6 (29. Nxd1 $142 Qg5 30. Kh2 {
[%cal Rg2g3]} Qe5 31. Kg1 $17) 29... Qg5 30. Qf3 e5 31. Nd5 Bc8 $1 32. Kh2 Bg4
33. Bxf4 exf4 34. Qd3 f3 $1 35. gxf3 Be6 {[%cal Rh4h3]} 36. Qe3 Qe5+ 37. f4
Qxb2 38. Bd3 Bxd5 39. exd5 Nf6 40. Kh3 Qa1 41. Be4 Nxe4 42. Qxe4 Qxa3+ 43. Kxh4
Qd6 44. Qf5 b4 45. Qg4+ Kf8 46. Qc8+ Kg7 47. Qc4 a5 48. Kg3 a4 49. Qc6 Qg6+ $1
50. Kf3 Qd3+ 0-1

[Event "ISR-chT"]
[Site "Israel"]
[Date "1999.01.29"]
[Round "4"]
[White "Haimovich, Tal"]
[Black "Kundin, Alexander"]
[Result "1-0"]
[WhiteElo "2320"]
[BlackElo "2398"]
[Annotator "Kundin,A"]
[PlyCount "65"]
[EventDate "1999.01.??"]
[EventType "team"]
[EventRounds "11"]
[EventCountry "ISR"]
[SourceTitle "CBM 070"]
[Source "ChessBase"]
[SourceDate "1999.06.08"]
[SourceVersion "1"]
[SourceVersionDate "1999.06.08"]
[SourceQuality "1"]

1. d4 d5 2. c4 c6 3. Nf3 Nf6 4. Nc3 e6 5. e3 Nbd7 6. Qc2 Bd6 7. Bd3 O-O 8. O-O
dxc4 9. Bxc4 a6 10. Bd2 c5 11. Ne4 $6 $146 (11. a4) 11... Nxe4 12. Qxe4 Nf6 13.
Qh4 b5 14. Bd3 Bb7 {Black has no problems at all.} 15. Rfd1 c4 (15... Bxf3 $6
16. gxf3 cxd4 17. Qxd4 $14) (15... Qe7 16. dxc5 Bxc5 17. Bc3 $36 {[%cal Rd3h7,
Rc3g7]}) 16. Bc2 Ne4 17. Qh5 (17. Qh3 f5 $15) {[%tqu "En","Find the best move..
.","","","g7g6","",10,"f7f5","",20]} 17... g6 $2 {[%csl Yf6,Yg7,Yh6][%cal
Yc3g7] Though it doesn't seems like this now, this move enables white always
to threat Ne5 and play on the weak dark squares and therefore is a serious
mistake.} (17... f5 $1 18. Be1 (18. Bxe4 g6 $1 19. Qh6 (19. Qh3 Bxe4 $15) 19...
fxe4 20. Ne5 Qf6 $15) 18... Qf6 $15 {/\Rad8}) 18. Qh6 f5 19. Be1 $1 $14 {
Now white is planning to play Ne5 and f3, whereas since it is very dangerous
for black to take on e5, he has almost no game.} Qf6 20. a3 $1 {This move can
be very useful in the endgame, since Bb4 is a serious threat.} (20. Ne5 Qg5 21.
Qxg5 Nxg5 22. f3 $14) 20... Bd5 (20... g5 21. Qxf6 Rxf6 22. Bb4 (22. Bxe4 fxe4
23. Nxg5 h6 24. Nh3 $16) 22... Bxb4 23. axb4 $16 {[%csl Yc5,Ye5]}) 21. Ne5 (21.
Bb4 Bxb4 22. axb4 Qe7 $13) 21... Bxe5 (21... Qg5 22. Qxg5 Nxg5 23. Bb4 $16) (
21... g5 22. Qxf6 Nxf6 23. Bb4 $16) 22. dxe5 Qxe5 23. f3 Qxb2 $5 {Partly
forced sacrifice. Black gets three pawns and an initiative for the piece, but
his king is still in a dangerous situation.} (23... Nc5 24. Bc3 Qc7 25. Rd2 $40
{[%cal Yc3g7] /\Rad1,e4}) (23... Nf6 $5 24. Bc3 Qc7 $13 {/\Qf6}) (23... Nd6 $2
24. Bc3 Nf7 25. Qxf8+ $16) 24. fxe4 $138 fxe4 $138 25. Rac1 $5 (25. Rdc1 a5 $1
$13 (25... Rf5 26. Bb4 $16)) 25... Rf5 $2 {A fatal mistake, after which the
game ends quickly.} (25... Qxa3 $1 {The only playable continuation.} 26. Bxe4
$1 {Otherwise the three black pawns will quickly advance.} Bxe4 27. Rd7 Rf7 28.
Rxf7 Kxf7 29. Qxh7+ Ke8 {[%tqu "En","Find the best continuation...","","",
"c1d1","",10]} 30. Rd1 $1 {With the entrance of the rook to the game, black
has to accept the perpetual check, otherwise he will lose.} Qxe3+ 31. Bf2 Qg5
32. Qg8+ Ke7 33. Qg7+ Ke8 $11) 26. Bb4 $1 $18 a5 27. Bc5 Rh5 28. Qf4 Rf5 29.
Qg3 Bc6 30. Qd6 Bd5 31. Bd4 c3 32. Qc7 e5 33. Bxc3 1-0